Literature in the modern world : (Record no. 10635)

MARC details
000 -LEADER
fixed length control field 00552cam a2200193ua 4500
001 - CONTROL NUMBER
control field 11854
005 - DATE AND TIME OF LATEST TRANSACTION
control field 20260515114816.0
008 - FIXED-LENGTH DATA ELEMENTS--GENERAL INFORMATION
fixed length control field 191113n ii |||gr||||Z||||||eng
020 ## - INTERNATIONAL STANDARD BOOK NUMBER
International Standard Book Number 9780199596430
040 ## - CATALOGING SOURCE
Transcribing agency MAIN
082 ## - DEWEY DECIMAL CLASSIFICATION NUMBER
Classification number 820
100 ## - MAIN ENTRY--PERSONAL NAME
Personal name Dennis Walder . ,
Relator term Editor.
245 ## - TITLE STATEMENT
Title Literature in the modern world :
Remainder of title critical essays and documents /
Statement of responsibility, etc. Edited by Dennis Walder .
250 ## - EDITION STATEMENT
Edition statement 2nd ed.
260 ## - PUBLICATION, DISTRIBUTION, ETC.
Place of publication, distribution, etc. Noida:
Name of publisher, distributor, etc. Oxford University Press,
Date of publication, distribution, etc. 2004.
300 ## - PHYSICAL DESCRIPTION
Extent 540p.
653 ## - INDEX TERM--UNCONTROLLED
Uncontrolled term English.& Old English literatures
942 ## - ADDED ENTRY ELEMENTS (KOHA)
Koha item type Books
Holdings
Withdrawn status Lost status Damaged status Not for loan Home library Current library Shelving location Date acquired Total checkouts Full call number Barcode Date last seen Copy number Price effective from Koha item type
        Naharkatiya College Library Naharkatiya College Library General stacks 09/19/2020   820English Literature | LIT 27663 09/19/2020 1 09/19/2020 Books